000 00452cam a2200181ua 4500
020 _cRs 3.50
041 _ahin
_h
082 _a891.54
_bPAR/MA
100 _aParashuram, Chaturvedi .
245 _aMadhyakalin prem sadana /
_cParashuram Chaturvedi.
_hTextual Documents
250 _a2 /
_b.
260 _aAgra :
_bSahitya Bhawan ,
_c1957.
300 _a230 ; .
365 _aRs 3.50
504 _a
942 _cBK
999 _c3471
_d3471